[Event "GER GM06-B email"]
[Site "GER email"]
[Date "2017.06.26"]
[Round "?"]
[White "De Oliveira, Joao Carlos"]
[Black "Shpakovsky, Aleksandr Nikolaevi"]
[Result "1/2-1/2"]
[WhiteElo "2573"]
[BlackElo "2531"]
[PlyCount "90"]
[EventDate "2017.??.??"]
[EventType "tourn (corr)"]
[EventRounds "13"]
[EventCountry "GER"]
[SourceTitle "Corr 2020"]
[Source "ChessBase"]
[SourceDate "2019.09.30"]
[SourceVersion "1"]
[SourceVersionDate "2019.09.30"]
[SourceQuality "1"]

1. Nf3 Nf6 2. c4 g6 3. Nc3 Bg7 4. e4 d6 5. d4 0-0 6. h3 e5 7. d5 Nh5 8. g3 f5 9. exf5 gxf5 10. Bg5 Qe8 11. Be2 Na6 12. Nh4 Nf6 13. Qc2 Nb4 14. Qd2 a5 15. a3 Na6 16. Qc2 Nc5 17. Be3 b6 18. 0-0-0 Nfe4 19. Nxe4 fxe4 20. Kb1 Bd7 21. Bxc5 bxc5 22. Qxe4 Rb8 23. Bd3 Qh5 24. f3 Bf6 25. Ng2 Rb3 26. g4 Qg6 27. Qxg6+ hxg6 28. Be4 Rfb8 29. Ka1 Bf5 30. gxf5 gxf5 31. Rdf1 fxe4 32. fxe4 Rxb2 33. Rb1 R2b3 34. Ka2 a4 35. Ne3 Bg5 36. Nf5 Rxb1 37. Rxb1 Rxb1 38. Kxb1 Kf7 39. Kc2 Bf4 40. Nh4 Kf6 41. Nf3 Kg6 42. Ng1 Be3 43. Nf3 Bf4 44. Kb2 Kh5 45. Kc2 Kg6 1/2-1/2

[Event "GER GM06-B email"]
[Site "GER email"]
[Date "2017.06.26"]
[Round "?"]
[White "Goncharenko, Georgy"]
[Black "Shpakovsky, Aleksandr Nikolaevi"]
[Result "1/2-1/2"]
[WhiteElo "2493"]
[BlackElo "2531"]
[PlyCount "49"]
[EventDate "2017.??.??"]
[EventType "tourn (corr)"]
[EventRounds "13"]
[EventCountry "GER"]
[SourceTitle "Corr 2020"]
[Source "ChessBase"]
[SourceDate "2019.09.30"]
[SourceVersion "1"]
[SourceVersionDate "2019.09.30"]
[SourceQuality "1"]

1. e4 e5 2. Nf3 Nc6 3. Bb5 Nf6 4. d3 Bc5 5. c3 d5 6. exd5 Qxd5 7. Bc4 Qd6 8. b4 Bb6 9. a4 e4 10. dxe4 Qxd1+ 11. Kxd1 Nxe4 12. Kc2 Bf5 13. Nh4 Bd7 14. Re1 f5 15. Nxf5 Bxf5 16. f3 Ne5 17. fxe4 Bg4 18. h3 Nxc4 19. hxg4 0-0 20. a5 Bf2 21. Re2 a6 22. e5 Rae8 23. e6 Bg3 24. Nd2 Nxd2 25. Bxd2 1/2-1/2

[Event "GER GM06-B email"]
[Site "GER email"]
[Date "2017.06.26"]
[Round "?"]
[White "Pirs, Matjaz"]
[Black "Shpakovsky, Aleksandr Nikolaevi"]
[Result "1/2-1/2"]
[WhiteElo "2523"]
[BlackElo "2531"]
[PlyCount "41"]
[EventDate "2017.??.??"]
[EventType "tourn (corr)"]
[EventRounds "13"]
[EventCountry "GER"]
[SourceTitle "Corr 2020"]
[Source "ChessBase"]
[SourceDate "2019.09.30"]
[SourceVersion "1"]
[SourceVersionDate "2019.09.30"]
[SourceQuality "1"]

1. e4 e5 2. Nf3 Nc6 3. Bb5 Nf6 4. d3 Bc5 5. Bxc6 dxc6 6. Nbd2 0-0 7. Nc4 Nd7 8. Bd2 Re8 9. b4 Bd6 10. a4 Nf8 11. h3 f6 12. 0-0 Be7 13. a5 Be6 14. Ne3 Qd7 15. Nh4 c5 16. Rb1 b5 17. axb6 axb6 18. Nhf5 cxb4 19. Bxb4 Bxb4 20. Rxb4 b5 21. Qb1 1/2-1/2